000 00821nam a2200253 a 4500
001 71982
003 BD-RjUL
005 20211209082209.0
008 170511s1961 stka b 100 0 eng d
035 _a(BD-RjUL)72198
040 _aDLC/ICU
_cCGU
_dDLC
_dEQO
_dBD-RjUL
_beng
041 _aeng
082 0 _223
_a530.143
_bDIS 1961
245 1 0 _aDispersion relations :
_bScottish Univerities' Summer School 1960 /
_cedited by G.R. Screaton.
260 _aEdinburgh :
_bInterscience Publishers,
_cc1961
300 _axiii, 290 p. :
_bill. ;
_c26 cm.
504 _aIncludes bibliographical references.
650 0 _aQuantum field theory
_9118408
650 0 _aDispersion relations
_9201886
650 0 _aScattering (Physics)
_9201885
700 1 _aScreaton, G. R.
_9212909
942 _2ddc
_cBK
999 _c71982
_d71982